Kategorian karsinta - Euroopan maantiede - Statistics

Yleistilastot
  • Tätä visaa on pelattu 53 kertaa
  • Keskiarvotulos 12 / 16
Vastaustilastot
# Vinkki Vastaus % Oikein
45 Euroopan valtio
100%
27 Kuuluu EU:hun
100%
6 On sisämaavaltio
100%
45 Jokin Euroopan pääkaupunki
97%
90 Jokin Euroopan valtio tai pääkaupunki
88%
11 Alkaa kirjaimella S
88%
23 Asukasluku on alle 1 miljoona
85%
1 Valtio loppuu kirjaimeen g Luxemburg
76%
4 Tämän maan lipussa on kolmea väriä
71%
45 Jokin Euroopan valtion lippu
71%
6 On 8 kirjainta pitkä
62%
29 Lippu sisältää valkoista
62%
14 Ei sisällä sinistä
59%
1 Eteläisin pääkaupunki Euroopassa Valletta
59%
1 Sisältää tasan 2/5 vihreää Portugali
44%
1 Lippu ei sisällä sinistä Saksa
41%
Ehtoja vastaavia visoja ei löytynyt
Tulosjakauma
Jokaisen tuloksen saaneiden osuus
Persentiili vastausten määrän mukaan
Tuloshistoriasi
Et ole pelannut tätä visaa